Normal view
MARC view
- Graphics Primitives
Entry Topical Term
001 - CONTROL NUMBER
- control field: 215758
003 - CONTROL NUMBER IDENTIFIER
- control field: OSt
005 - DATE AND TIME OF LATEST TRANSACTION
- control field: 20251208171347.0
008 - FIXED-LENGTH DATA ELEMENTS
- fixed length control field: 251208|| aca||aabn | a|a d
040 ## - CATALOGING SOURCE
- Original cataloging agency: OSt
- Transcribing agency: OSt
150 ## - HEADING--TOPICAL TERM
- Topical term or geographic name entry element: Graphics Primitives
670 ## - SOURCE DATA FOUND
- Source citation: Work cat.: (OSt)369296: Harrington S. 215677, Computer Graphics, 2014